| 000 | 00577nam a2200193 u 4500 | ||
|---|---|---|---|
| 005 | 20240228064203.0 | ||
| 008 | 150219s2005 r 000 0 eng d | ||
| 020 | _a9685938164 | ||
| 035 | _aUPN01000201866 | ||
| 049 | _aI | ||
| 050 | 4 |
_aPZ71 _bR4.6 |
|
| 100 | 1 |
_aRepún, Graciela Beatriz, _d1951- _932429 |
|
| 245 | 1 | 1 |
_a¿Quién está detrás de esa casa? / _cGraciela Repún ; il. Mónica Weiss. |
| 260 |
_aMéxico : _bSigno, _cc2005. |
||
| 300 |
_a[29] p. : _bil. col. |
||
| 440 | 0 | _aClub de lectores | |
| 650 | 4 |
_aLibros y lectura para niños _92290 |
|
| 905 | _aInfantil | ||
| 999 |
_c173967 _d173967 |
||